Score 0/18 Timer 03:00
2 Plays Today
Question Answer Wrong Answers
Iron Man Phase 1
93.8%
Phase 2
1.5%
Phase 3
0.6%
The Incredible Hulk Phase 1
92.1%
Phase 2
2.8%
Phase 3
0.8%
Avengers: Endgame Phase 3
91.1%
Phase 1
1.6%
Phase 2
3.1%
Thor Phase 1
90.8%
Phase 2
4.5%
Phase 3
0.7%
Captain America: The First Avenger Phase 1
89.3%
Phase 2
5.7%
Phase 3
0.9%
Captain Marvel Phase 3
87.6%
Phase 1
4.8%
Phase 2
3.3%
Avengers: Age of Ultron Phase 2
86.5%
Phase 1
3.4%
Phase 3
5.6%
Avengers: Infinity War Phase 3
85.8%
Phase 1
1.8%
Phase 2
8.3%
Captain America: The Winter Soldier Phase 2
85%
Phase 1
7.9%
Phase 3
2.8%
Marvel's The Avengers Phase 1
84.7%
Phase 2
10.2%
Phase 3
1%
Guardians of the Galaxy Phase 2
83.6%
Phase 1
7.7%
Phase 3
4.4%
Thor: The Dark World Phase 2
83.4%
Phase 1
9.1%
Phase 3
3.5%
Black Panther Phase 3
81.8%
Phase 1
2.2%
Phase 2
11.8%
Iron Man 3 Phase 2
79.5%
Phase 1
7.5%
Phase 3
8.7%
Spider-Man: Homecoming Phase 3
78.4%
Phase 1
1.9%
Phase 2
15.4%
Ant-Man Phase 2
71.1%
Phase 1
3.1%
Phase 3
21.2%
Iron Man 2 Phase 1
69.5%
Phase 2
25.7%
Phase 3
0.6%
Doctor Strange Phase 3
57.1%
Phase 1
2.8%
Phase 2
36%

Today's Daily Dose

Missing Word
Movies EA - EZ

Word Ladder
Bedtime!

You're not logged in!

Compare scores with friends on all Sporcle quizzes.
OR
Log In

Sporcle TV

Today on Sporcle TV


Watch our educational content, quiz creation guides, and fun videos on Sporcle TV.

Show Comments

Extras

Top Quizzes Today


Score Distribution

Paid Content

Your Account Isn't Verified!

In order to create a playlist on Sporcle, you need to verify the email address you used during registration. Go to your Sporcle Settings to finish the process.

Report this User

Report this user for behavior that violates our Community Guidelines.

Details: